000 00752cam a2200229 a 4500
001 000006435
005 20200929153930.0
008 830706s1982 mx 001 f spa
020 _a9684342365
040 _aDO-SdBNP
_cDLC
_dDLC
082 _aM863.2
_bP346h
100 1 _aPayno, Manuel,
_d1810-1894.
_917859
245 1 3 _aEl hombre de la situación /
_cManuel Payno.
260 _aMéxico :
_bPremia :
_bPublicaciones y Bibliotecas Cultura SEP,
_c1982.
300 _a195 p. ;
_c21 cm.
490 1 _aLa matraca
_vno. 2
650 4 _aNovela mexicana
_93959
650 4 _aLiteratura mexicana
_ySIGLO XIX
_917860
650 4 _aLiteratura latinoamericana
_ySIGLO XIX
_916348
830 0 _aLa matraca ;
_vno. 2
_917861
910 _aCatalogación por copia / LC
999 _c6230
_d6230